| 000 | 00374nam a22001337a 4500 | ||
|---|---|---|---|
| 020 | _a81-87886-60-9 | ||
| 082 | _a291.4 DSO | ||
| 100 | _aD'Souza, Rudolf V. | ||
| 245 | _aAwareness and union with God: The Gita and Christian perspective | ||
| 260 |
_aAnand, Gujarat _bGujarat Sahitya Prakash _c2002 |
||
| 300 | _a113 | ||
| 650 | _aReligious experience and life | ||
| 942 | _cBK | ||
| 999 |
_c20498 _d20498 |
||